| 000 | 00667nam a2200241Ia 4500 | ||
|---|---|---|---|
| 008 | 170203s9999 xx 000 0 und d | ||
| 020 | _a9780709714729 | ||
| 050 | _a0 30 | ||
| 050 | _bB592 2010 | ||
| 245 | 4 | _aThe big book of knowledge : | |
| 245 | _ban encyclopedia of questions and answers / | ||
| 245 | _cedited by Maureen Spurgeon. | ||
| 260 | _aEngland : | ||
| 260 | _bBrown Watson, | ||
| 260 | _c2010 | ||
| 300 | _a187 pages : | ||
| 300 | _bcolor illustrations ; | ||
| 300 | _c31 cm. | ||
| 650 | _aScience -- Miscellanea -- | ||
| 650 | _aTechnology -- Miscellanea -- | ||
| 650 | _xJuvenile literature. | ||
| 650 | _xJuvenile literature. | ||
| 999 |
_c305732 _d305732 |
||